Dictionnaire hors série n°9: Pokémon - Statistiques

Statistiques générales
  • Ce quiz a été pris 480 fois
  • Le résultat moyen est 8 sur 10
Statistiques - réponses
Définitions Classes grammaticales Mots correspondants % Correct
Des légendes, qui a rapport aux légendes Adjectif Légendaire
89%
S'emparer d'un être vivant Verbe Capturer
88%
Suite de transformations dans un même sens, transformation graduelle Nom Evolution
88%
Qui vit en liberté, dans la nature Adjectif Sauvage
87%
Se battre contre, faire la guerre à quelqu'un Verbe Combattre
86%
Petite sphère, boule élastique dont on se sert pour divers jeux Nom Balle
77%
Arriver à prendre, à saisir Verbe Attraper
74%
Qui a un grand pouvoir, de la puissance Adjectif Puissant
63%
Être, animal fantastique et terrible Nom Monstre
60%
Un grand nombre, une grande quantité Adverbe Beaucoup
53%
Aucun quiz correspondant
Distribution des résultats
% des personnes avec chaque résultat
Percentile par nombre de réponses
Votre historique - résultats
Vous n’avez pas pris ce quiz